000 00454nam a2200181Ia 4500
008 090123s9999 xx 000 0 und d
082 _b41366
100 _aSWAMI CHINMAYANAND
245 _aVISHNU SAHASRANAAMA
250 _a0
260 _bSENTRAL CHINMAY MISSION TRUST
_c2000
300 _a266
600 _aSWAMI CHINMAYANAND
630 _aVISHNU SAHASRANAAMA
700 _aSWAMI CHINMAYANAND
730 _aVISHNU SAHASRANAAMA
942 _cBOOK
999 _c79441
_d79441